000
00307nam a22001337a 4500
008
180824b xxu||||| |||| 00| 0 eng d
020
_a
9780792356325
041
_a
eng
080
_a
617
100
_a
6
101
_a
ANE
245
_a
ANESTHESIA FOR THE NEW MILLENIUM
_c
STANLEY.TH.H
942
_2
udc
_c
BK
999
_c
47319
_d
47319